| 000 | 01138nam a2200265 i 4500 | ||
|---|---|---|---|
| 001 | 184311 | ||
| 003 | ES-MaACL | ||
| 005 | 20231119134936.0 | ||
| 008 | 150617s2013 sp |||| | spa d | ||
| 020 | _a978-84-939018-7-5 | ||
| 080 | _a617.7(082.2) | ||
| 245 | 0 | 1 |
_a"Madrid-Barcelona" _b: un recorrido en tren por la oftalmología y otros cuentos / _cautor, José Fernández-Vigo López ; coautores, Joaquín Barraquer Moner ... [et al.] ; [prólogo de Ana Rosa Quintana]. |
| 260 |
_aMadrid : _bSpanish Publishers Associates, _c[2013] |
||
| 300 |
_a256 p. ; _c21 cm. |
||
| 500 | _aÍndice. | ||
| 505 | 8 | _aContiene: Glaucoma - Catarata - Lagrimal - Córnea - Retina - Mácula - Infecciones - Neurooftamología - Órbita - Defectos de refracción (miopía) | |
| 650 | 0 | 4 |
_aOftalmología. _915693 |
| 700 | 1 |
_aFernández-Vigo López, José. _9157053 |
|
| 700 | 1 |
_aBarraquer, Joaquín. _9157054 |
|
| 700 | 1 |
_aQuintana, Ana Rosa. _9157055 |
|
| 740 | 3 | _aUn recorrido en tren por la oftalmología y otros cuentos. | |
| 852 |
_aES-MaACL _jA-13551 _9191307 _bR.150403 _cDEPO1 _dOlim: N-6551 |
||
| 942 | _2udc | ||
| 999 |
_c184311 _d184311 |
||